Korean cultural heritage : traditional lifestyles /
Guardado en:
| Autor Corporativo: | |
|---|---|
| Formato: | Libro |
| Idioma: | English |
| Publicado: |
Seoul :
Korea foundation,
1997.
|
| Materias: | |
| Etiquetas: |
Agregar Etiqueta
Sin Etiquetas, Sea el primero en etiquetar este registro!
|
| LEADER | 00610nam a22001935a 4500 | ||
|---|---|---|---|
| 001 | EUN.um066349 | ||
| 008 | 041125s1997####xx#a##########000#0#eng#d | ||
| 005 | 20110804161831.0 | ||
| 245 | 1 | 0 | |a Korean cultural heritage : |b traditional lifestyles / |c Korea foundation. |
| 260 | |a Seoul : |b Korea foundation, |c 1997. | ||
| 300 | |a 264 p. : |b ilus. ; |c 30,5 cm. | ||
| 020 | |a 8986090139 | ||
| 110 | 2 | |a Korea foundation |c Seoul. | |
| 082 | 0 | 4 | |a 951.9 |
| 653 | |a Corea | ||
| 653 | |a Koreana | ||
| 653 | |a Costumbres y tradiciones | ||
| 653 | |a Patrimonio cultural | ||
| 859 | |a Ar-BaUNS |b BIB. CENTRAL - Sector C |h 951.9 |i K841-1 |p 108280/998 |v v.4 | ||
